000 00449nas a2200181 a 4500
001 160442
003 255293
005 20230614153051.0
008 180503e2018 ck ||||||||| 000 0 spa d
040 _aCO-BoESAP
_bspa
_cCO-BoESAP
041 _aspa
245 0 _a Revista Semana - No. 1878 (29 abr.-6 may. 2018)
260 _aBogotá :
_c2018.
562 _e15
773 _016112
_aSemana
942 _cSISS
_2ddc
999 _c160442
_d160442